00572nam a22001217a 4500040000600000082001700006245007300023250001600096260004600112300001000158505025200168650003000420 c0 a153.9420,MUT aMultiple Choice Question :bFor Entry Test /cEditor : Kifayat Ullah a4th Edition aIslamic Coaching Academy bPeshawarc2008 a308 p aPhysics Part.I (Page-1), Physics Part.II (Page-38), Chemistry Part.I (Page-71), Chemistry Part.II (Page-109), Mathematics Part.I (Page-141), Mathematics Part.II (Page-168), Biology Part.I (Page-204), Biology Part.II (Page-242), English (Page-285). aMultiple Choice Question